000 00664nam a2200169Ia 4500
003 GCL
008 140319s9999 xx 000 0 ara d
040 _aGCL /
_cGCL
082 0 4 _a412
_bم ج
100 1 _aمحمد عونى عبدالرؤوف
245 1 0 _aجهود المستشرقين فى التراث العربى بين التحقيق والترجمة /
_cمحمد عونى عبدالرؤوف
260 _aالقاهرة :
_bالمجلس الاعلى للثقافة ،
_c2004
300 _a390 ص ؛
_c24 سم
650 0 4 _aاللغة العربية - الكلمات الدخيلة
650 0 4 _aاللغة العربية - الفاظ
942 _2ddc
_cBK
999 _c57119
_d57119